[Event "Litomysl Open 2018"]
[Site "Litomysl, Domov mladeze VOSP "]
[Date "2018.12.26"]
[Round "1.1"]
[White "Simacek, Pavel"]
[Black "Grabarczyk, Sylwester"]
[Result "1-0"]
[WhiteElo "2478"]
[BlackElo "1834"]
[PlyCount "71"]
[EventDate "2018.12.26"]
[EventType "swiss"]
[EventRounds "9"]
[EventCountry "CZE"]
[SourceTitle "Ajedrez en Madrid"]
[Source "lmi"]
[SourceDate "2018.12.26"]
[SourceVersion "1"]
[SourceVersionDate "2019.01.04"]
[SourceQuality "1"]

1. Nf3 d5 2. b3 Nf6 3. Bb2 Bg4 4. e3 Nbd7 5. c4 e6 6. h3 Bf5 7. cxd5 exd5 8.
Nd4 Bg6 9. g4 Ne4 10. Nf5 Ndf6 11. Nc3 Bxf5 12. gxf5 Qd7 13. Qf3 Bb4 14. Bb5 c6
15. Bd3 O-O-O 16. O-O-O Kb8 17. Bxe4 dxe4 18. Nxe4 Qd3 19. Nc3 Rhe8 20. Rhg1
Ne4 21. Rg4 Bxc3 22. Bxc3 Rd5 23. Rxe4 Rxe4 24. Qg3+ Kc8 25. Qxg7 Rxf5 26. f4
b5 27. Qxh7 Rc5 28. Qxf7 Rd5 29. Rg1 Rd7 30. Qf6 Kb7 31. Rg6 Qd5 32. Bd4 Rxd4
33. exd4 Qe4 34. Rg7 Qe1+ 35. Kc2 Qe4+ 36. Kb2 1-0

[Event "Litomysl Open 2018"]
[Site "Litomysl, Domov mladeze VOSP "]
[Date "2018.12.26"]
[Round "1.2"]
[White "Sacharewicz, Krzysztof"]
[Black "Swicarz, Maciej"]
[Result "0-1"]
[WhiteElo "1833"]
[BlackElo "2331"]
[PlyCount "108"]
[EventDate "2018.12.26"]
[EventType "swiss"]
[EventRounds "9"]
[EventCountry "CZE"]
[SourceTitle "Ajedrez en Madrid"]
[Source "lmi"]
[SourceDate "2018.12.26"]
[SourceVersion "1"]
[SourceVersionDate "2019.01.04"]
[SourceQuality "1"]

1. e4 c5 2. Nf3 d6 3. c3 Nf6 4. h3 Nc6 5. Bd3 d5 6. exd5 Qxd5 7. Bc2 g6 8. O-O
Bg7 9. d3 Bf5 10. Be3 e5 11. Qe2 O-O 12. Nbd2 Rad8 13. Nb3 b6 14. d4 exd4 15.
cxd4 Bxc2 16. Qxc2 Nb4 17. Qe2 c4 18. a3 Nc6 19. Nbd2 b5 20. Rac1 Rfe8 21. b3
cxb3 22. Qd3 Na5 23. Qc3 Nc4 24. Nxc4 bxc4 25. Qxc4 b2 26. Rc2 Rb8 27. Qxd5
Nxd5 28. Rb1 Nxe3 29. fxe3 Rxe3 30. Rcxb2 Rxb2 31. Rxb2 Bf8 32. Rb8 Kg7 33. Rb7
Re7 34. Rxe7 Bxe7 35. a4 Kf6 36. Kf2 Ke6 37. Ke3 Kd5 38. Kd3 Bf6 39. Kc3 h5 40.
g4 hxg4 41. hxg4 Ke4 42. g5 Bg7 43. Nd2+ Kf4 44. Kc4 Kxg5 45. d5 Kf4 46. d6 g5
47. Kd5 Bf6 48. Ne4 Bd8 49. d7 g4 50. Nd6 g3 51. Nxf7 Ba5 52. Nd6 g2 53. Nc4
g1=Q 54. Nxa5 Qg5+ 0-1

[Event "Litomysl Open 2018"]
[Site "Litomysl, Domov mladeze VOSP "]
[Date "2018.12.26"]
[Round "1.3"]
[White "Cerveny, Petr"]
[Black "Korcz, Daniel"]
[Result "1-0"]
[WhiteElo "2319"]
[BlackElo "1832"]
[PlyCount "97"]
[EventDate "2018.12.26"]
[EventType "swiss"]
[EventRounds "9"]
[EventCountry "CZE"]
[SourceTitle "Ajedrez en Madrid"]
[Source "lmi"]
[SourceDate "2018.12.26"]
[SourceVersion "1"]
[SourceVersionDate "2019.01.04"]
[SourceQuality "1"]

1. e4 e5 2. Nf3 Nc6 3. Bb5 f5 4. Nc3 fxe4 5. Nxe4 Nf6 6. Qe2 d5 7. Nxf6+ gxf6
8. d4 Bg7 9. dxe5 O-O 10. O-O Nxe5 11. Qd1 c6 12. Be2 Nxf3+ 13. Bxf3 Bf5 14. a4
Qe8 15. Ra3 Qf7 16. h4 Rfe8 17. Be3 Be4 18. Bg4 h6 19. Bf4 Kh8 20. Rg3 Rg8 21.
Bh5 Qe6 22. Qd2 Kh7 23. f3 Bf5 24. Re1 Qd7 25. c3 Bf8 26. Rxg8 Bc5+ 27. Kh2
Rxg8 28. Bxh6 Bd6+ 29. Bf4 Qc7 30. Bxd6 Qxd6+ 31. f4 Qf8 32. Bf3 Qh6 33. Re7+
Rg7 34. Rxg7+ Qxg7 35. Qe3 Qd7 36. Qxa7 Qe7 37. Qd4 Qg7 38. a5 Kg6 39. b4 Qf7
40. g4 Bb1 41. Kg3 Qd7 42. Be2 Kf7 43. h5 f5 44. Qe5 fxg4 45. Bxg4 Qe7 46.
Qxe7+ Kxe7 47. Bc8 Kd6 48. Bxb7 Bf5 49. Kh4 1-0

[Event "Litomysl Open 2018"]
[Site "Litomysl, Domov mladeze VOSP "]
[Date "2018.12.26"]
[Round "1.4"]
[White "Macek, Ondrej"]
[Black "Sabol, Marian"]
[Result "0-1"]
[WhiteElo "1813"]
[BlackElo "2298"]
[PlyCount "46"]
[EventDate "2018.12.26"]
[EventType "swiss"]
[EventRounds "9"]
[EventCountry "CZE"]
[SourceTitle "Ajedrez en Madrid"]
[Source "lmi"]
[SourceDate "2018.12.26"]
[SourceVersion "1"]
[SourceVersionDate "2019.01.04"]
[SourceQuality "1"]

1. c4 e5 2. g3 Nf6 3. Bg2 Nc6 4. Nc3 Bb4 5. Nd5 Nxd5 6. cxd5 Ne7 7. a3 Bc5 8.
e3 O-O 9. Ne2 d6 10. O-O c6 11. b4 Bb6 12. Nc3 Bf5 13. d3 Qd7 14. Re1 Bh3 15.
Bh1 Rac8 16. Bb2 f5 17. dxc6 bxc6 18. Ne2 Ng6 19. d4 f4 20. dxe5 fxe3 21. f4
Nxf4 22. Bd4 Nxe2+ 23. Rxe2 Rf1+ 0-1

[Event "Litomysl Open 2018"]
[Site "Litomysl, Domov mladeze VOSP "]
[Date "2018.12.26"]
[Round "1.5"]
[White "Koziol, Kamil"]
[Black "Jirousek, Jan"]
[Result "1/2-1/2"]
[WhiteElo "2281"]
[BlackElo "1785"]
[PlyCount "63"]
[EventDate "2018.12.26"]
[EventType "swiss"]
[EventRounds "9"]
[EventCountry "CZE"]
[SourceTitle "Ajedrez en Madrid"]
[Source "lmi"]
[SourceDate "2018.12.26"]
[SourceVersion "1"]
[SourceVersionDate "2019.01.04"]
[SourceQuality "1"]

1. e4 c6 2. d4 d5 3. e5 Bf5 4. Nf3 e6 5. Be2 Qb6 6. a4 c5 7. a5 Qc7 8. a6 b6 9.
Nc3 Nc6 10. Nb5 Qd7 11. c3 c4 12. Qa4 Be7 13. O-O Nh6 14. Bg5 O-O 15. Bxe7 Nxe7
16. Nd2 f6 17. f4 Bg6 18. b3 Bc2 19. Rac1 Bxb3 20. Nxb3 cxb3 21. Qxb3 Nc6 22.
Nd6 Nf7 23. Nxf7 Rxf7 24. Bb5 Qc8 25. Qa2 Rc7 26. Qd2 Na5 27. Qd3 f5 28. Rf3
Qf8 29. h3 Rac8 30. g4 g6 31. Rc2 Nc4 32. Bxc4 1/2-1/2

[Event "Litomysl Open 2018"]
[Site "Litomysl, Domov mladeze VOSP "]
[Date "2018.12.26"]
[Round "1.6"]
[White "Nespor, Ivan"]
[Black "Michenka, Jozef"]
[Result "0-1"]
[WhiteElo "1755"]
[BlackElo "2274"]
[PlyCount "114"]
[EventDate "2018.12.26"]
[EventType "swiss"]
[EventRounds "9"]
[EventCountry "CZE"]
[SourceTitle "Ajedrez en Madrid"]
[Source "lmi"]
[SourceDate "2018.12.26"]
[SourceVersion "1"]
[SourceVersionDate "2019.01.04"]
[SourceQuality "1"]

1. e4 c5 2. Nf3 d6 3. d4 cxd4 4. Nxd4 Nf6 5. Nc3 a6 6. Be2 e5 7. Nb3 Be7 8. Bg5
Be6 9. Qd2 Nbd7 10. O-O-O b5 11. a3 O-O 12. Kb1 Qc7 13. f3 Rfc8 14. g4 h6 15.
Be3 Nb6 16. Bxb6 Qxb6 17. h4 Nh7 18. Nd5 Bxd5 19. Qxd5 Ra7 20. c3 Rd7 21. f4
Qe3 22. fxe5 Qxe2 23. e6 Rdd8 24. exf7+ Kh8 25. g5 Qc4 26. Nd4 Nf8 27. Nf5 Rc7
28. Rd4 Qxd5 29. Rxd5 g6 30. Nxh6 Kg7 31. Rf1 Rc5 32. Ng8 Rxd5 33. exd5 Rd7 34.
Nh6 Bd8 35. Kc2 Re7 36. h5 Re2+ 37. Kd3 Re5 38. Ng4 Rxd5+ 39. Ke4 Rxg5 40. h6+
Kh7 41. Nf6+ Bxf6 42. Rxf6 Re5+ 43. Kd4 Re2 44. Rxd6 Rxb2 45. Rxa6 Kxh6 46. a4
Kg7 47. axb5 Rxb5 48. c4 Rb7 49. c5 Rxf7 50. c6 Ne6+ 51. Ke5 Nc7 52. Ra1 Rf6
53. Rc1 g5 54. Rc5 Kg6 55. Ke4 Rf4+ 56. Ke5 Rf5+ 57. Kd6 Ne8+ 0-1

[Event "Litomysl Open 2018"]
[Site "Litomysl, Domov mladeze VOSP "]
[Date "2018.12.26"]
[Round "1.7"]
[White "Svanda, Ondrej"]
[Black "Molnar, Ladislav"]
[Result "1-0"]
[WhiteElo "2241"]
[BlackElo "1752"]
[PlyCount "41"]
[EventDate "2018.12.26"]
[EventType "swiss"]
[EventRounds "9"]
[EventCountry "CZE"]
[SourceTitle "Ajedrez en Madrid"]
[Source "lmi"]
[SourceDate "2018.12.26"]
[SourceVersion "1"]
[SourceVersionDate "2019.01.04"]
[SourceQuality "1"]

1. c4 Nf6 2. g3 e6 3. Nf3 d5 4. Bg2 Be7 5. O-O O-O 6. b3 c5 7. Bb2 d4 8. b4 d3
9. bxc5 dxe2 10. Qxe2 Bxc5 11. d4 Be7 12. Nc3 Nbd7 13. Rad1 Rb8 14. Ne5 Nb6 15.
a4 Bd7 16. a5 Nc8 17. d5 Qc7 18. dxe6 Bxe6 19. Nb5 Qc5 20. Bd4 Bxc4 21. Qxc4
1-0

[Event "Litomysl Open 2018"]
[Site "Litomysl, Domov mladeze VOSP "]
[Date "2018.12.26"]
[Round "1.8"]
[White "Svoboda, Frantisek"]
[Black "Dowgird, Filip"]
[Result "0-1"]
[WhiteElo "1699"]
[BlackElo "2236"]
[PlyCount "80"]
[EventDate "2018.12.26"]
[EventType "swiss"]
[EventRounds "9"]
[EventCountry "CZE"]
[SourceTitle "Ajedrez en Madrid"]
[Source "lmi"]
[SourceDate "2018.12.26"]
[SourceVersion "1"]
[SourceVersionDate "2019.01.04"]
[SourceQuality "1"]

1. f4 d5 2. e3 Nf6 3. Nf3 Bg4 4. c3 Nbd7 5. d4 e6 6. Bd3 Ne4 7. O-O f5 8. Bd2
Be7 9. Be1 c5 10. Nbd2 O-O 11. c4 Nb6 12. Qc2 Bxf3 13. Nxf3 Nxc4 14. Bxc4 dxc4
15. Qxc4 Qd5 16. Rc1 Rac8 17. b3 Rc7 18. Qxd5 exd5 19. Bb4 Rfc8 20. Ba3 b6 21.
Rfd1 Rd7 22. Ne5 Rdd8 23. Kf1 Bf6 24. Bb2 Bxe5 25. dxe5 g6 26. Ke1 Kf7 27. Rc2
Ke6 28. Rdc1 a5 29. Ke2 Rc7 30. Kf3 h5 31. h4 b5 32. Bc3 b4 33. Bd4 Rdc8 34.
Ke2 Kd7 35. Bb2 a4 36. Kd3 Rc6 37. Ba1 Ke6 38. Bb2 c4+ 39. bxc4 dxc4+ 40. Rxc4
Nf2+ 0-1

[Event "Litomysl Open 2018"]
[Site "Litomysl, Domov mladeze VOSP "]
[Date "2018.12.26"]
[Round "1.9"]
[White "Bystrov, Sergej"]
[Black "Rychtecky, Pavel"]
[Result "1-0"]
[WhiteElo "2233"]
[BlackElo "1624"]
[PlyCount "59"]
[EventDate "2018.12.26"]
[EventType "swiss"]
[EventRounds "9"]
[EventCountry "CZE"]
[SourceTitle "Ajedrez en Madrid"]
[Source "lmi"]
[SourceDate "2018.12.26"]
[SourceVersion "1"]
[SourceVersionDate "2019.01.04"]
[SourceQuality "1"]

1. e4 c6 2. d4 d5 3. exd5 cxd5 4. Bd3 Nc6 5. c3 g6 6. Nf3 Bg7 7. O-O Nf6 8. h3
Qc7 9. Re1 O-O 10. Nbd2 Re8 11. Nb3 a6 12. Ne5 Nxe5 13. dxe5 Nd7 14. f4 Nc5 15.
Nxc5 Qxc5+ 16. Be3 Qc7 17. Qf3 e6 18. Bd4 b5 19. a4 Bd7 20. a5 Bf8 21. b4 Be7
22. g4 Rf8 23. f5 Bh4 24. Rf1 f6 25. Qe3 Bg5 26. Qg3 Bd2 27. Rf2 Bg5 28. Raf1
Rf7 29. h4 Bh6 30. fxg6 1-0

[Event "Litomysl Open 2018"]
[Site "Litomysl, Domov mladeze VOSP "]
[Date "2018.12.26"]
[Round "1.10"]
[White "Veselsky, Jan"]
[Black "Chetverik, Maxim"]
[Result "0-1"]
[WhiteElo "1583"]
[BlackElo "2209"]
[PlyCount "71"]
[EventDate "2018.12.26"]
[EventType "swiss"]
[EventRounds "9"]
[EventCountry "CZE"]
[SourceTitle "Ajedrez en Madrid"]
[Source "lmi"]
[SourceDate "2018.12.26"]
[SourceVersion "1"]
[SourceVersionDate "2019.01.04"]
[SourceQuality "1"]

1. c4 f5 2. g3 Nf6 3. Bg2 e6 4. Nf3 Be7 5. d4 Ne4 6. O-O Bf6 7. Nc3 d5 8. Qc2
Nc6 9. e3 O-O 10. a3 a5 11. Nd2 Nxc3 12. bxc3 Ne7 13. Rb1 b6 14. cxd5 exd5 15.
c4 c6 16. Qb3 Rb8 17. a4 Be6 18. Ba3 dxc4 19. Bxe7 Bxe7 20. Qc2 Bd5 21. Nxc4
Bxg2 22. Kxg2 Qd5+ 23. Kg1 Bb4 24. Ne5 Rbc8 25. Nd3 c5 26. Nf4 Qf7 27. d5 c4
28. Rfd1 Rfd8 29. Rd4 c3 30. Ne6 Rd6 31. Ng5 Qf6 32. h4 h6 33. Ne6 g5 34. hxg5
hxg5 35. e4 Rxe6 36. Rdxb4 0-1

[Event "Litomysl Open 2018"]
[Site "Litomysl, Domov mladeze VOSP "]
[Date "2018.12.26"]
[Round "1.13"]
[White "Svec, Ludek"]
[Black "Pekar, Vaclav"]
[Result "0-1"]
[WhiteElo "1554"]
[BlackElo "2148"]
[PlyCount "108"]
[EventDate "2018.12.26"]
[EventType "swiss"]
[EventRounds "9"]
[EventCountry "CZE"]
[SourceTitle "Ajedrez en Madrid"]
[Source "lmi"]
[SourceDate "2018.12.26"]
[SourceVersion "1"]
[SourceVersionDate "2019.01.04"]
[SourceQuality "1"]

1. d4 f5 2. Nf3 e6 3. c4 Nf6 4. Nc3 Bb4 5. Bd2 O-O 6. g3 d6 7. Bg2 Nbd7 8. O-O
Bxc3 9. Bxc3 Ne4 10. Rc1 Qe8 11. Nd2 Nxc3 12. Rxc3 e5 13. e3 Nf6 14. f4 Rb8 15.
c5 e4 16. Nc4 Qe7 17. cxd6 cxd6 18. Re1 Be6 19. Bf1 Rfc8 20. a4 Nd5 21. Rc1 Rc7
22. Qd2 Rbc8 23. Kf2 Nf6 24. b3 b6 25. h3 Rc6 26. Red1 Qc7 27. Rb1 Nd5 28. Rb2
h6 29. Be2 g5 30. Rc1 Qe7 31. Rg1 Kh8 32. Kg2 gxf4 33. gxf4 Rg8+ 34. Kh2 Rxg1
35. Kxg1 Qh4 36. Bf1 Rc7 37. Qf2 Rg7+ 38. Kh2 Qd8 39. Be2 a6 40. Rb1 b5 41.
axb5 axb5 42. Na3 Nc3 43. Rb2 Qa5 44. Nc2 b4 45. Bh5 Kh7 46. Qf1 Bd5 47. Qe1
Bb7 48. Qd2 Ba6 49. Be8 Bd3 50. Bh5 Qb5 51. Ne1 Bf1 52. Kh1 Qa6 53. Qc1 Bxh3
54. Rh2 Qf1# 0-1

[Event "Litomysl Open 2018"]
[Site "Litomysl, Domov mladeze VOSP "]
[Date "2018.12.26"]
[Round "1.19"]
[White "Ulcak, Michael"]
[Black "Houska, Bronislav"]
[Result "1/2-1/2"]
[WhiteElo "1464"]
[BlackElo "2043"]
[PlyCount "27"]
[EventDate "2018.12.26"]
[EventType "swiss"]
[EventRounds "9"]
[EventCountry "CZE"]
[SourceTitle "Ajedrez en Madrid"]
[Source "lmi"]
[SourceDate "2018.12.26"]
[SourceVersion "1"]
[SourceVersionDate "2019.01.04"]
[SourceQuality "1"]

1. e4 d6 2. d4 Nf6 3. Bd3 e5 4. dxe5 dxe5 5. Bb5+ c6 6. Qxd8+ Kxd8 7. Bd3 Bc5
8. Nf3 Nbd7 9. Nbd2 h6 10. Nc4 Re8 11. a4 Nh7 12. Bd2 Nhf8 13. b4 Bb6 14. Nd6
1/2-1/2

[Event "Litomysl Open 2018"]
[Site "Litomysl, Domov mladeze VOSP "]
[Date "2018.12.26"]
[Round "1.20"]
[White "Kastner, Oldrich"]
[Black "Bastyr, Pavel"]
[Result "1-0"]
[WhiteElo "2020"]
[BlackElo "1432"]
[PlyCount "43"]
[EventDate "2018.12.26"]
[EventType "swiss"]
[EventRounds "9"]
[EventCountry "CZE"]
[SourceTitle "Ajedrez en Madrid"]
[Source "lmi"]
[SourceDate "2018.12.26"]
[SourceVersion "1"]
[SourceVersionDate "2019.01.04"]
[SourceQuality "1"]

1. Nf3 d5 2. c4 dxc4 3. Na3 Nc6 4. Nxc4 Be6 5. e3 Bg4 6. Be2 e6 7. O-O Nf6 8.
b3 Be7 9. Bb2 b5 10. Nce5 Nxe5 11. Bxe5 Rb8 12. h3 Bf5 13. Nd4 Be4 14. Bxb5+
Kf8 15. f3 Ba8 16. Rc1 Bd6 17. Bxd6+ Qxd6 18. Bc6 e5 19. Nb5 Rxb5 20. Bxb5 e4
21. f4 Nh5 22. Qxh5 1-0

[Event "Litomysl Open 2018"]
[Site "Litomysl, Domov mladeze VOSP "]
[Date "2018.12.26"]
[Round "1.21"]
[White "Starosciak, Szymon"]
[Black "Galvanek, Ladislav"]
[Result "1/2-1/2"]
[WhiteElo "1407"]
[BlackElo "1963"]
[PlyCount "43"]
[EventDate "2018.12.26"]
[EventType "swiss"]
[EventRounds "9"]
[EventCountry "CZE"]
[SourceTitle "Ajedrez en Madrid"]
[Source "lmi"]
[SourceDate "2018.12.26"]
[SourceVersion "1"]
[SourceVersionDate "2019.01.04"]
[SourceQuality "1"]

1. e4 Nf6 2. e5 Nd5 3. c4 Nb6 4. d4 d6 5. exd6 cxd6 6. Nf3 g6 7. Be2 Bg7 8. O-O
O-O 9. Nc3 Nc6 10. Be3 Bg4 11. b3 e6 12. h3 Bxf3 13. Bxf3 d5 14. cxd5 exd5 15.
Qd2 Re8 16. Rfe1 Qd7 17. Rac1 Rac8 18. Ne2 Qd6 19. Red1 Qb4 20. Qxb4 Nxb4 21.
Nc3 Red8 22. a3 1/2-1/2

[Event "Litomysl Open 2018"]
[Site "Litomysl, Domov mladeze VOSP "]
[Date "2018.12.27"]
[Round "2.1"]
[White "Dzikowski, Michal"]
[Black "Simacek, Pavel"]
[Result "0-1"]
[WhiteElo "2140"]
[BlackElo "2478"]
[PlyCount "86"]
[EventDate "2018.12.26"]
[EventType "swiss"]
[EventRounds "9"]
[EventCountry "CZE"]
[SourceTitle "Ajedrez en Madrid"]
[Source "lmi"]
[SourceDate "2018.12.26"]
[SourceVersion "1"]
[SourceVersionDate "2019.01.04"]
[SourceQuality "1"]

1. d4 Nf6 2. Nf3 e6 3. Bf4 b6 4. e3 Bb7 5. Nbd2 Be7 6. Bd3 Nh5 7. Bg3 d6 8. c3
Nd7 9. Qe2 g6 10. Ba6 Nxg3 11. hxg3 Qc8 12. Bxb7 Qxb7 13. e4 d5 14. exd5 Qxd5
15. Qe4 Qxe4+ 16. Nxe4 O-O 17. Ne5 Nxe5 18. dxe5 Rfd8 19. Ke2 Rd5 20. f4 Kg7
21. Rad1 Rad8 22. Rd2 Rxd2+ 23. Nxd2 g5 24. Ne4 Kg6 25. Nf2 h5 26. Nd3 c5 27.
c4 a6 28. a4 b5 29. axb5 axb5 30. cxb5 c4 31. Nf2 Rb8 32. Rc1 Rxb5 33. Nd1 Rb4
34. Rc2 Bc5 35. Kf3 Kf5 36. Nc3 Bd4 37. fxg5 Rb3 38. Ke2 Kxe5 39. Nd1 Rxg3 40.
Rxc4 Rxg2+ 41. Kf3 Rd2 42. Nc3 Rf2+ 43. Kg3 Rxb2 0-1

[Event "Litomysl Open 2018"]
[Site "Litomysl, Domov mladeze VOSP "]
[Date "2018.12.27"]
[Round "2.2"]
[White "Swicarz, Maciej"]
[Black "Getmanchuk, Andrei V"]
[Result "0-1"]
[WhiteElo "2331"]
[BlackElo "2140"]
[PlyCount "72"]
[EventDate "2018.12.26"]
[EventType "swiss"]
[EventRounds "9"]
[EventCountry "CZE"]
[SourceTitle "Ajedrez en Madrid"]
[Source "lmi"]
[SourceDate "2018.12.26"]
[SourceVersion "1"]
[SourceVersionDate "2019.01.04"]
[SourceQuality "1"]

1. e4 Nc6 2. Nf3 d6 3. d4 Nf6 4. Nc3 g6 5. h3 Bg7 6. Be3 O-O 7. Qd2 e5 8. O-O-O
exd4 9. Nxd4 Nxd4 10. Bxd4 Be6 11. g4 c5 12. Be3 Qa5 13. a3 Rfd8 14. g5 Nd7 15.
Nd5 Qa4 16. f3 b5 17. Nc7 b4 18. Qd3 c4 19. Qxd6 Bxb2+ 20. Kb1 Qxa3 21. Qa6
Qxe3 22. Nxa8 Rxa8 23. Bxc4 Nc5 24. Qa2 Bg7 25. Bxe6 Nxe6 26. Rd3 Qb6 27. Rhd1
a5 28. Qc4 a4 29. Rd6 Qb8 30. f4 b3 31. c3 a3 32. e5 Bf8 33. Rd7 a2+ 34. Kb2
Ba3+ 35. Ka1 b2+ 36. Kxa2 b1=Q+ 0-1

[Event "Litomysl Open 2018"]
[Site "Litomysl, Domov mladeze VOSP "]
[Date "2018.12.27"]
[Round "2.3"]
[White "Slepov, Kyryl"]
[Black "Cerveny, Petr"]
[Result "0-1"]
[WhiteElo "2140"]
[BlackElo "2319"]
[PlyCount "60"]
[EventDate "2018.12.26"]
[EventType "swiss"]
[EventRounds "9"]
[EventCountry "CZE"]
[SourceTitle "Ajedrez en Madrid"]
[Source "lmi"]
[SourceDate "2018.12.26"]
[SourceVersion "1"]
[SourceVersionDate "2019.01.04"]
[SourceQuality "1"]

1. e4 c5 2. Nf3 d6 3. Bb5+ Bd7 4. Bxd7+ Qxd7 5. c4 Nf6 6. Nc3 Nc6 7. O-O g6 8.
d4 cxd4 9. Nxd4 Bg7 10. Nde2 O-O 11. f3 Rfc8 12. Be3 Qd8 13. Qd2 a6 14. Rfd1
Qa5 15. a3 Ne5 16. b3 b5 17. Nd5 Qxd2 18. Bxd2 Nxd5 19. cxd5 Nd3 20. Ra2 Nb2
21. Rc1 Kf8 22. Kf1 Ke8 23. a4 bxa4 24. bxa4 Rab8 25. Rxc8+ Rxc8 26. Bh6 Bh8
27. Be3 Rc4 28. a5 Rb4 29. Bd2 Rb3 30. Bc1 Nd3 0-1

[Event "Litomysl Open 2018"]
[Site "Litomysl, Domov mladeze VOSP "]
[Date "2018.12.27"]
[Round "2.4"]
[White "Sabol, Marian"]
[Black "Lorenc, Oldrich"]
[Result "1/2-1/2"]
[WhiteElo "2298"]
[BlackElo "2069"]
[PlyCount "135"]
[EventDate "2018.12.26"]
[EventType "swiss"]
[EventRounds "9"]
[EventCountry "CZE"]
[SourceTitle "Ajedrez en Madrid"]
[Source "lmi"]
[SourceDate "2018.12.26"]
[SourceVersion "1"]
[SourceVersionDate "2019.01.04"]
[SourceQuality "1"]

1. d4 Nf6 2. Bg5 Ne4 3. Bf4 d5 4. f3 Nf6 5. c4 e6 6. Nc3 Bd6 7. Bxd6 Qxd6 8. e4
dxe4 9. fxe4 Qf4 10. Qf3 Qh6 11. Bd3 O-O 12. Nge2 e5 13. d5 Na6 14. h3 Bg4 15.
Qf2 Bxe2 16. Nxe2 Nb4 17. Bb1 Ng4 18. Qf3 Ne3 19. Kf2 Nxc4 20. a3 Na6 21. b4
Nd2 22. Qe3 Qf6+ 23. Ke1 Nxb1 24. Rxb1 c6 25. Nc3 Nc7 26. Rf1 Qg6 27. Kf2 f5
28. Kg1 f4 29. Qf3 cxd5 30. exd5 e4 31. Qxe4 Qxe4 32. Nxe4 Nxd5 33. Rfd1 Ne3
34. Rd7 b6 35. Rc1 Rf7 36. Rxf7 Kxf7 37. Rc7+ Kg6 38. Kf2 Nd5 39. Rc6+ Nf6 40.
Nd6 h5 41. Kf3 Rf8 42. Rc8 Rxc8 43. Nxc8 Kf5 44. h4 Nd7 45. Nxa7 Ne5+ 46. Kf2
Kg4 47. Nc8 Nc4 48. a4 Nb2 49. Nxb6 Nd3+ 50. Ke2 Nxb4 51. Nd7 Kg3 52. Kf1 Kxh4
53. Nc5 Kg4 54. Nd7 Kf5 55. a5 Na6 56. Nb6 g5 57. Nd5 g4 58. Ne7+ Ke4 59. Ng6
Ke3 60. Nh4 Nc5 61. Nf5+ Ke4 62. Nd6+ Kd5 63. Ne8 Ne4 64. a6 Kc6 65. Ng7 h4 66.
Ne6 h3 67. gxh3 gxh3 68. Nxf4 1/2-1/2

[Event "Litomysl Open 2018"]
[Site "Litomysl, Domov mladeze VOSP "]
[Date "2018.12.27"]
[Round "2.5"]
[White "Michenka, Jozef"]
[Black "Kastner, Oldrich"]
[Result "1/2-1/2"]
[WhiteElo "2274"]
[BlackElo "2020"]
[PlyCount "99"]
[EventDate "2018.12.26"]
[EventType "swiss"]
[EventRounds "9"]
[EventCountry "CZE"]
[SourceTitle "Ajedrez en Madrid"]
[Source "lmi"]
[SourceDate "2018.12.26"]
[SourceVersion "1"]
[SourceVersionDate "2019.01.04"]
[SourceQuality "1"]

1. d4 Nf6 2. Nf3 c5 3. e3 e6 4. c4 b6 5. Be2 Bb7 6. O-O Be7 7. b3 O-O 8. Bb2
cxd4 9. Nxd4 d5 10. Bf3 Nbd7 11. Nc3 Ne5 12. cxd5 Nxf3+ 13. Qxf3 Nxd5 14. Nxd5
Qxd5 15. Qxd5 Bxd5 16. Rfc1 Bf6 17. Rc2 Be4 18. Rd2 Rfd8 19. f3 Bb7 20. Rad1
Rd5 21. e4 Rd7 22. Nb5 Rxd2 23. Rxd2 Bg5 24. Rc2 Be3+ 25. Kf1 Bc5 26. a4 a6 27.
Na3 Rd8 28. Ke2 a5 29. Nb5 Ba6 30. Bc1 Kf8 31. Be3 Bxe3 32. Kxe3 Rc8 33. Rxc8+
Bxc8 34. Nd6 Ba6 35. Kd4 Ke7 36. e5 f6 37. Nc4 Bxc4 38. Kxc4 Kd7 39. Kb5 Kc7
40. exf6 gxf6 41. g4 e5 42. h4 h6 43. b4 axb4 44. Kxb4 Kc6 45. Kc4 Kd6 46. Kb5
Kc7 47. Kb4 Kc6 48. Kc4 Kd6 49. Kb5 Kc7 50. Kb4 1/2-1/2

[Event "Litomysl Open 2018"]
[Site "Litomysl, Domov mladeze VOSP "]
[Date "2018.12.27"]
[Round "2.6"]
[White "Svanda, Adam"]
[Black "Svanda, Ondrej"]
[Result "0-1"]
[WhiteElo "1932"]
[BlackElo "2241"]
[PlyCount "84"]
[EventDate "2018.12.26"]
[EventType "swiss"]
[EventRounds "9"]
[EventCountry "CZE"]
[SourceTitle "Ajedrez en Madrid"]
[Source "lmi"]
[SourceDate "2018.12.26"]
[SourceVersion "1"]
[SourceVersionDate "2019.01.04"]
[SourceQuality "1"]

1. c4 c5 2. Nc3 b6 3. g3 Bb7 4. Nf3 Nf6 5. Bg2 e6 6. O-O Be7 7. b3 O-O 8. Bb2
a6 9. Qc2 d6 10. Rfd1 Nbd7 11. a3 Qc7 12. Rac1 Rac8 13. d4 cxd4 14. Nxd4 Bxg2
15. Kxg2 Qb7+ 16. Kg1 Rc7 17. Qb1 Rfc8 18. Rc2 Bf8 19. Rdc1 Nc5 20. Qa2 g6 21.
Nf3 Ncd7 22. Qa1 Be7 23. Rd1 b5 24. cxb5 axb5 25. Rcc1 Nc5 26. Qa2 b4 27. Na4
Nxa4 28. Rxc7 Rxc7 29. bxa4 b3 30. Qa1 e5 31. Rc1 Ne4 32. Rxc7 Qxc7 33. Qd1 Qa7
34. e3 Qxa4 35. Qd5 Kg7 36. Kg2 Bf6 37. Ne1 Nc5 38. Qxd6 Qe4+ 39. Kf1 Na4 40.
Nd3 Nxb2 41. Nxb2 Qc2 42. Nd1 b2 0-1

[Event "Litomysl Open 2018"]
[Site "Litomysl, Domov mladeze VOSP "]
[Date "2018.12.27"]
[Round "2.7"]
[White "Dowgird, Filip"]
[Black "Hocevar, Nikola"]
[Result "1-0"]
[WhiteElo "2236"]
[BlackElo "1925"]
[PlyCount "53"]
[EventDate "2018.12.26"]
[EventType "swiss"]
[EventRounds "9"]
[EventCountry "CZE"]
[SourceTitle "Ajedrez en Madrid"]
[Source "lmi"]
[SourceDate "2018.12.26"]
[SourceVersion "1"]
[SourceVersionDate "2019.01.04"]
[SourceQuality "1"]

1. g3 c5 2. e4 Nc6 3. Bg2 g6 4. Ne2 Bg7 5. c3 d6 6. O-O e6 7. d4 Nge7 8. Be3
cxd4 9. cxd4 O-O 10. Nbc3 b6 11. f4 Bb7 12. Qd2 Na5 13. b3 f5 14. Rad1 Rc8 15.
d5 exd5 16. exf5 Nxf5 17. Bf2 Re8 18. Bxd5+ Kh8 19. Rfe1 Qf6 20. Nb5 Bxd5 21.
Qxd5 Rc2 22. Ned4 Rxe1+ 23. Rxe1 Rc8 24. Nxf5 gxf5 25. Nxa7 Rb8 26. Nb5 Bf8 27.
Bd4 1-0